000 00652nam a2200217 i 4500
001 86890
003 ES-MaACL
005 20230906175539.0
007 t|
008 041216s1958 sp ||||1| spa d
100 1 _aKirschner, M. J.
_968139
245 1 0 _aYoga, método de rejuvenecimiento para occidentales /
_cM.J. Kirschner ; versión española de Eva Bruck.
260 _aBarcelona :
_bHispano Europea,
_c[1958] (
_fImp. Moderna)
300 _a227 p. ;
_c21 cm.
490 1 _aHerakles
650 4 _aYoga.
_917859
700 1 _aBruck, Eva.
_932060
830 0 _aHerakles
_9180867
852 _aES-MaACL
_jC-15103
_bR.43135
999 _c86890
_d86890